Statistiques concernant Pays les plus proches de Djibouti

Cliquez ici pour prendre le quiz!

Statistiques générales

  • Ce quiz a été pris 62 fois
  • Le résultat moyen est 16 sur 20

Statistiques - réponses

kmpays% Correct
1365Égypte
97%
0Érythrée
97%
0Somalie
97%
0Éthiopie
95%
624Soudan
93%
857Soudan du Sud
91%
409Arabie Saoudite
90%
751Kenya
90%
1155Oman
84%
20Yémen
84%
1143Ouganda
83%
1585Tanzanie
83%
1515Émirats arabes unis
79%
1551Qatar
79%
1835Rwanda
76%
1458Rép dém Congo
72%
1640Bahreïn
69%
1822Koweït
66%
1706République
Centrafricaine
66%
1843Irak
53%

Distribution des résultats

Percentile par nombre de réponses

% des personnes avec chaque résultat

Votre développement - résultats

Vous n’avez pas pris ce quiz